La filosofia : una aproximacion /

Guardado en:
Autor Principal: Sanchis Barcelo, Alfredo
Formato: Libro
Publicado: Santa Rosa : Universidad Nacional De La Pampa, Facultad De C. Humanas, 1987
Materias:
Etiquetas: Agregar Etiqueta
Sin Etiquetas, Sea el primero en etiquetar este registro!
LEADER 00512nam a22001575a 4500
001 EHU.bham000821
003 AR-BHAM
005 20070308170706.0
008 130507s1987##################000#0#####d
082 1 0 |a 100 
100 1 |a Sanchis Barcelo, Alfredo 
245 1 0 |a La filosofia :  |b una aproximacion /  |c Alfredo Sanchis Barcelo. 
260 |a Santa Rosa :  |b Universidad Nacional De La Pampa, Facultad De C. Humanas,  |c 1987 
300 |a 27 p. 
653 |a Filosofia 
859 |a AR-BHAM  |b BIB. HUMANIDADES - General  |h 100  |i Sa55  |p 105.88  |t Ej.1